Normal view
MARC view
Entry Personal Name
001 - CONTROL NUMBER
- control field: 1159067
003 - CONTROL NUMBER IDENTIFIER
- control field: OSt
005 - DATE AND TIME OF LATEST TRANSACTION
- control field: 20260324120548.0
008 - FIXED-LENGTH DATA ELEMENTS
- fixed length control field: 260324|| aca||aabn | a|a d
040 ## - CATALOGING SOURCE
- Original cataloging agency: OSt
- Transcribing agency: OSt
100 ## - HEADING--PERSONAL NAME
- Personal name: Toufik Mansour; Matthias Schork
670 ## - SOURCE DATA FOUND
- Source citation: Work cat.: (OSt)1750672: Toufik Mansour; Matthias Schork, Commutation Relations, Normal Ordering, and Stirling Numbers
